[Event "5th Budapest Open"]
[Site "Budapest"]
[Date "2015.08.17"]
[Round "3.22"]
[White "Bensaid, Simon"]
[Black "Lakatos, Tamas"]
[Result "1-0"]
[WhiteElo "1924"]
[BlackElo "1533"]
[PlyCount "57"]
[EventDate "2014.08.15"]
[EventType "swiss"]
[EventRounds "9"]
[EventCountry "HUN"]

1. e4 c6 2. d4 d5 3. e5 Bf5 4. h4 h6 5. g4 Bd7 6. h5 e6 7. f4 c5 8. c3 Nc6 9.
Nf3 Qb6 10. Rh2 cxd4 11. cxd4 Bb4+ 12. Nc3 Qa5 13. Bd2 Bxc3 14. Bxc3 Qb6 15.
Qb3 Qxb3 16. axb3 a6 17. b4 Na7 18. Rc2 Bb5 19. Bh3 Ne7 20. Kd2 Kd7 21. Ke3
Rac8 22. f5 g5 23. hxg6 fxg6 24. f6 Nec6 25. Rh2 h5 26. Rah1 Rcg8 27. Ng5 Nd8
28. Bg2 Re8 29. Bf3 1-0

[Event "5th Budapest Open"]
[Site "Budapest"]
[Date "2015.08.17"]
[Round "3.23"]
[White "Bolyki, Istvan"]
[Black "Kozma, Gabor"]
[Result "0-1"]
[WhiteElo "1394"]
[BlackElo "2008"]
[PlyCount "46"]
[EventDate "2014.08.15"]
[EventType "swiss"]
[EventRounds "9"]
[EventCountry "HUN"]

1. d4 Nf6 2. c4 e6 3. Nc3 Bb4 4. Nf3 c5 5. e3 O-O 6. Bd3 d5 7. a3 Bxc3+ 8. bxc3
Nc6 9. O-O Re8 10. Qc2 e5 11. dxe5 Nxe5 12. Nxe5 Rxe5 13. f4 Rh5 14. h3 dxc4
15. Bxc4 Bf5 16. Qe2 Qe7 17. g4 Rxh3 18. gxf5 Ne4 19. Rf3 Ng3 20. Rxg3 Rxg3+
21. Kf1 Qh4 22. Bd5 Rd8 23. c4 Rxd5 0-1

[Event "5th Budapest Open"]
[Site "Budapest"]
[Date "2015.08.17"]
[Round "3.24"]
[White "Rabovszky, Gyorgy"]
[Black "Kanizaj, Benjamin"]
[Result "1-0"]
[WhiteElo "1886"]
[BlackElo "1662"]
[PlyCount "89"]
[EventDate "2014.08.15"]
[EventType "swiss"]
[EventRounds "9"]
[EventCountry "HUN"]

1. e4 c5 2. Nf3 d6 3. Bc4 e6 4. O-O Nf6 5. Re1 Nc6 6. d3 Be7 7. e5 dxe5 8. Nxe5
Nxe5 9. Rxe5 O-O 10. Nc3 a6 11. Qf3 Qc7 12. Re2 Bd6 13. Bg5 Nd7 14. Rae1 b5 15.
Bb3 Bb7 16. Qh5 a5 17. Nxb5 Qc6 18. Re4 Rfe8 19. Nxd6 Qxd6 20. Rh4 Nf8 21. Re3
Bd5 22. Ba4 Bc6 23. Bf4 Qd5 24. Qxd5 Bxd5 25. Bxe8 Rxe8 26. Bd6 Nd7 27. Ra4 Ra8
28. Bc7 Kf8 29. Bxa5 Ke7 30. Rh3 Nb8 31. Ra3 Nc6 32. Bc3 Rxa3 33. bxa3 g6 34.
Rxh7 Bxa2 35. a4 Bb1 36. a5 Bxc2 37. Rh3 Ba4 38. Kf1 Bb5 39. Ke2 e5 40. Kd2 Nd4
41. Bxd4 cxd4 42. Rh8 Kd7 43. Rf8 Ke7 44. Rb8 Ba6 45. Rb6 1-0

[Event "5th Budapest Open"]
[Site "Budapest"]
[Date "2015.08.17"]
[Round "3.25"]
[White "Horvath, Csaba3"]
[Black "Bartok, David Dominik"]
[Result "1-0"]
[WhiteElo "1823"]
[BlackElo "1610"]
[PlyCount "97"]
[EventDate "2014.08.15"]
[EventType "swiss"]
[EventRounds "9"]
[EventCountry "HUN"]

1. e4 d5 2. exd5 Qxd5 3. Nc3 Qa5 4. d4 c6 5. Nf3 Bf5 6. Bd3 e6 7. O-O Nf6 8.
Ne5 Bxd3 9. Qxd3 Bd6 10. Nc4 Qc7 11. Nxd6+ Qxd6 12. Ne4 Nxe4 13. Qxe4 Nd7 14.
Bf4 Qd5 15. Qd3 Nb6 16. b3 O-O-O 17. Rfd1 f6 18. Qg3 Na8 19. c4 Qe4 20. Be3 Qg6
21. Qh3 Qf5 22. Qxf5 exf5 23. d5 b6 24. d6 c5 25. a3 Kd7 26. b4 Kc6 27. bxc5
bxc5 28. Rd5 Nb6 29. Rxc5+ Kxd6 30. Rd1+ Ke6 31. Rc6+ Kf7 32. Rc1 Rc8 33. Rxc8
Rxc8 34. Bxb6 axb6 35. Kf1 Ra8 36. Rc3 Ke7 37. Rb3 Ra6 38. Rb5 Ra5 39. Rxb6
Rxa3 40. Rb7+ Kf8 41. Ke2 f4 42. c5 Ra8 43. Kd3 Rc8 44. Kc4 g5 45. Rxh7 Kg8 46.
Rb7 Kf8 47. Kd5 Ke8 48. Rh7 Rd8+ 49. Ke6 1-0

[Event "5th Budapest Open"]
[Site "Budapest"]
[Date "2015.08.17"]
[Round "3.26"]
[White "Karacsonyi, Kata"]
[Black "Abraham, Lajos"]
[Result "0-1"]
[WhiteElo "1461"]
[BlackElo "1781"]
[PlyCount "62"]
[EventDate "2014.08.15"]
[EventType "swiss"]
[EventRounds "9"]
[EventCountry "HUN"]

1. e4 e6 2. d4 d5 3. Nd2 dxe4 4. Nxe4 b6 5. Bd3 Ba6 6. Bxa6 Nxa6 7. Qf3 Nb4 8.
Qc3 Qd5 9. f3 Nc6 10. a3 O-O-O 11. Bf4 Rd7 12. O-O-O e5 13. Be3 exd4 14. Qd3
Qa2 15. c3 Ne5 16. Qa6+ Kb8 17. Bxd4 Nc4 18. Qb5 Qa1+ 19. Kc2 Ne3+ 20. Kd3
Qxd1+ 21. Kxe3 Qc1+ 22. Kf2 Rd8 23. Qb3 f5 24. Be3 Qd1 25. Ng5 Qxb3 26. Ne2 h6
27. Nh3 Nf6 28. Nd4 Qxb2+ 29. Kg3 Nh5+ 30. Kh4 Rxd4+ 31. cxd4 g6 0-1

[Event "5th Budapest Open"]
[Site "Budapest"]
[Date "2015.08.17"]
[Round "3.28"]
[White "Rinyu, Janos"]
[Black "Sulyok, Eszter"]
[Result "1-0"]
[WhiteElo "1845"]
[BlackElo "1324"]
[PlyCount "115"]
[EventDate "2014.08.15"]
[EventType "swiss"]
[EventRounds "9"]
[EventCountry "HUN"]

1. d4 d5 2. Bf4 Nf6 3. e3 a6 4. c3 Bf5 5. Nf3 e6 6. Qb3 b5 7. a4 bxa4 8. Qxa4+
Nfd7 9. Ne5 Bd6 10. Nxd7 Qxd7 11. Qxd7+ Kxd7 12. Bxd6 Kxd6 13. Nd2 c6 14. b4
Nd7 15. Nb3 Ra7 16. Kd2 Rha8 17. Be2 Nb6 18. Ra5 Nc4+ 19. Bxc4 dxc4 20. Nc5 e5
21. dxe5+ Kxe5 22. Nb3+ Kf6 23. Nd4 Bd7 24. Rha1 Ke7 25. Rc5 Rb7 26. Rxc4 Kd6
27. Ra5 g6 28. e4 f6 29. f4 Rc7 30. e5+ Ke7 31. exf6+ Kxf6 32. b5 axb5 33. Rxa8
bxc4 34. Ra4 c5 35. Rxc4 Rc8 36. Nf3 Bb5 37. Re4 Rd8+ 38. Kc1 Rd3 39. Kc2 Rd6
40. Re5 Bd3+ 41. Kc1 c4 42. Ng5 Rd7 43. Ne4+ Kf7 44. Nc5 Rd6 45. Nxd3 Rxd3 46.
Kc2 Rd7 47. Rc5 Re7 48. Kd2 Re4 49. g3 Kf6 50. Rd5 Ke6 51. Rd8 Ke7 52. Rd4
Rxd4+ 53. cxd4 Ke6 54. Kc3 Kd5 55. g4 h5 56. gxh5 gxh5 57. f5 h4 58. h3 1-0

[Event "5th Budapest Open"]
[Site "Budapest"]
[Date "2015.08.17"]
[Round "3.29"]
[White "Papp, Andrea"]
[Black "Lesar, David"]
[Result "0-1"]
[WhiteElo "1601"]
[BlackElo "1882"]
[PlyCount "88"]
[EventDate "2014.08.15"]
[EventType "swiss"]
[EventRounds "9"]
[EventCountry "HUN"]

1. d4 f5 2. Nf3 Nf6 3. Bg5 g6 4. Bxf6 exf6 5. e3 d5 6. h4 h5 7. c3 Be7 8. Bd3
Be6 9. Qc2 a6 10. a4 Nd7 11. b4 Nb6 12. Nbd2 a5 13. b5 O-O 14. g3 Qe8 15. Nb3
Qf7 16. O-O Rfc8 17. Qe2 c5 18. Nbd2 c4 19. Bc2 Rc7 20. Ne1 Nc8 21. Ng2 g5 22.
f4 Qg6 23. Bd1 Bf7 24. fxg5 fxg5 25. Qf3 Nd6 26. Bc2 Be6 27. Qe2 Ne4 28. Nxe4
fxe4 29. Bd1 Bg4 30. Qe1 Bh3 31. Ra2 Bd6 32. Kh2 Bxg2 33. Rxg2 gxh4 34. Rf4 h3
35. Rg1 Rg7 36. Rh4 Rh7 37. Kxh3 Be7 38. Kh2 Bg5 39. Rh3 Rf8 40. Rg2 Qf7 41.
Kg1 Qf5 42. Rh1 Qg6 43. Qe2 Rf3 44. Qc2 Bxe3+ 0-1

[Event "5th Budapest Open"]
[Site "Budapest"]
[Date "2015.08.17"]
[Round "3.30"]
[White "Karacsonyi, Luca"]
[Black "Rajcsanyi, Peter"]
[Result "0-1"]
[WhiteElo "1115"]
[BlackElo "1820"]
[PlyCount "110"]
[EventDate "2014.08.15"]
[EventType "swiss"]
[EventRounds "9"]
[EventCountry "HUN"]

1. e4 c5 2. c3 d5 3. exd5 Qxd5 4. d4 Nf6 5. Be3 cxd4 6. cxd4 e6 7. Nc3 Qa5 8.
Nf3 Bb4 9. Bd2 O-O 10. a3 Bxc3 11. Bxc3 Qd5 12. Bd3 a6 13. O-O Nbd7 14. Qc2 Re8
15. Ng5 h6 16. Bh7+ Kf8 17. Bb4+ Re7 18. Bxe7+ Kxe7 19. Be4 Qxg5 20. Bf3 Kf8
21. Qc7 Ne8 22. Qc3 Kg8 23. Qb4 Rb8 24. Rac1 b5 25. Rc2 Bb7 26. Bxb7 Rxb7 27.
Rc8 Ndf6 28. Qc5 Qxc5 29. dxc5 Rc7 30. Rxc7 Nxc7 31. c6 Kf8 32. Rd1 Ke7 33. Kf1
Nfd5 34. Rc1 Kd6 35. Ke2 Na8 36. Kd3 Nab6 37. b3 Nc8 38. Kd4 Nce7 39. a4 Nxc6+
40. Ke4 b4 41. Kf3 g6 42. Rd1 f5 43. h3 Na5 44. Rd3 e5 45. Rd1 Nxb3 46. g3 a5
47. h4 Nd4+ 48. Kg2 b3 49. Rb1 Nc3 50. Rb2 Nxa4 51. Rb1 Nc5 52. Rb2 a4 53. Rb1
a3 54. Ra1 a2 55. Rd1 b2 0-1

[Event "5th Budapest Open"]
[Site "Budapest"]
[Date "2015.08.17"]
[Round "3.31"]
[White "Szurkos, Andras"]
[Black "Sergyan, Gyula Zoltan"]
[Result "1-0"]
[WhiteElo "1807"]
[BlackElo "1585"]
[PlyCount "51"]
[EventDate "2014.08.15"]
[EventType "swiss"]
[EventRounds "9"]
[EventCountry "HUN"]

1. e4 d6 2. d4 Nf6 3. Nc3 g6 4. f4 Bg7 5. Be3 O-O 6. Be2 a6 7. g4 c5 8. g5 Ng4
9. Bxg4 Bxg4 10. Qxg4 cxd4 11. Bxd4 Bxd4 12. Nge2 Bg7 13. h4 Nd7 14. h5 f5 15.
gxf6 Nxf6 16. Qe6+ Rf7 17. hxg6 hxg6 18. O-O-O Qa5 19. e5 dxe5 20. fxe5 Nh7 21.
Nd5 Qc5 22. Rxh7 Kf8 23. Qxg6 e6 24. Rxg7 Rxg7 25. Rf1+ Kg8 26. Nf6+ 1-0

[Event "5th Budapest Open"]
[Site "Budapest"]
[Date "2015.08.17"]
[Round "3.32"]
[White "Gombocz, Ferenc Jr"]
[Black "Bangha, Otto Peter"]
[Result "0-1"]
[WhiteElo "1637"]
[BlackElo "1427"]
[PlyCount "82"]
[EventDate "2014.08.15"]
[EventType "swiss"]
[EventRounds "9"]
[EventCountry "HUN"]

1. d4 Nf6 2. Nf3 d5 3. e3 e6 4. Bd3 Be7 5. Nbd2 O-O 6. O-O Nbd7 7. b3 c5 8. Bb2
Re8 9. Ne5 cxd4 10. exd4 h6 11. f4 Qb6 12. Qe2 Bd6 13. Qf2 Rf8 14. Rae1 Qa5 15.
Kh1 Bb4 16. c3 Bxc3 17. Ndc4 dxc4 18. Nxc4 Bxe1 19. Nxa5 Bxf2 20. Rxf2 Nd5 21.
Nc4 Nb4 22. Bb1 Nc6 23. Ba3 Rd8 24. Rd2 Nb6 25. Nd6 Nd5 26. g3 Ncb4 27. Ne4 b6
28. Nf2 Bb7 29. Be4 Rab8 30. Kg1 Na6 31. Nd3 Nc3 32. Bxb7 Rxb7 33. Rc2 Nb5 34.
Bb2 Nxd4 35. Bxd4 Rxd4 36. Ne5 Nc5 37. Ng4 Rbd7 38. Nf2 Rd2 39. Rc3 Rxa2 40.
Re3 Rad2 41. g4 Rb2 0-1

[Event "5th Budapest Open"]
[Site "Budapest"]
[Date "2015.08.18"]
[Round "4.1"]
[White "Polyik, Peter"]
[Black "Meszaros, Andras"]
[Result "1/2-1/2"]
[WhiteElo "2178"]
[BlackElo "2246"]
[PlyCount "133"]
[EventDate "2014.08.15"]
[EventType "swiss"]
[EventRounds "9"]
[EventCountry "HUN"]

1. d4 e6 2. c4 c5 3. d5 exd5 4. cxd5 Ne7 5. Nc3 d6 6. g3 Ng6 7. Bg2 Be7 8. Nf3
a6 9. a4 b6 10. O-O O-O 11. Nd2 Nd7 12. e4 Rb8 13. Nc4 Nde5 14. Ne3 b5 15. axb5
axb5 16. f4 Nc4 17. Nxc4 bxc4 18. Qe2 Rb4 19. Nd1 Bf6 20. Qc2 Qb6 21. Ra2 Ba6
22. Bd2 Rb8 23. Kh1 c3 24. bxc3 Bxf1 25. cxb4 cxb4 26. Qb3 Bxg2+ 27. Kxg2 Qd4
28. Nf2 h5 29. Rc2 h4 30. Be3 Qa1 31. Rc4 Qa3 32. Qxa3 bxa3 33. Ra4 Rb3 34. Bd2
h3+ 35. Kxh3 Rb2 36. e5 dxe5 37. Ne4 exf4 38. Rxa3 fxg3 39. hxg3 Be5 40. Ra8+
Nf8 41. Bc1 Rb8 42. Rxb8 Bxb8 43. Kg4 Nd7 44. Ba3 g6 45. Kf3 f5 46. Ng5 Nb6 47.
g4 Nxd5 48. gxf5 gxf5 49. Bb2 Bd6 50. Bd4 Be7 51. Nh3 Bd6 52. Ng5 Kf8 53. Bb2
Ke7 54. Bd4 Bf4 55. Nh3 Bd2 56. Nf2 Nc7 57. Nd3 Ne6 58. Be3 Bc3 59. Nf4 Nc7 60.
Bc5+ Kd7 61. Bf8 Kc6 62. Ne2 Be5 63. Bh6 Ne6 64. Be3 Kb5 65. Bf4 Bf6 66. Be3
Kc4 67. Ng3 1/2-1/2

[Event "5th Budapest Open"]
[Site "Budapest"]
[Date "2015.08.18"]
[Round "4.2"]
[White "Erdos, Boglarka"]
[Black "Boguszlavszkij, Jevgenyij"]
[Result "1/2-1/2"]
[WhiteElo "2175"]
[BlackElo "2199"]
[PlyCount "135"]
[EventDate "2014.08.15"]
[EventType "swiss"]
[EventRounds "9"]
[EventCountry "HUN"]

1. Nf3 Nf6 2. g3 g6 3. Bg2 Bg7 4. O-O O-O 5. c4 c6 6. Nc3 d5 7. d4 Nbd7 8. Qb3
dxc4 9. Qxc4 Nb6 10. Qd3 Be6 11. Rd1 Nfd5 12. Ng5 Bg4 13. h3 Bd7 14. e4 Nxc3
15. Qxc3 Qc8 16. Kh2 h6 17. Nf3 Kh7 18. Qc5 e6 19. Bf4 Rb8 20. a4 Be8 21. a5
Nd7 22. Qc2 a6 23. Rac1 Nf6 24. Be5 Qd7 25. Nd2 Nh5 26. Bxg7 Nxg7 27. Nc4 Qe7
28. Qc3 Rc8 29. Nb6 Rb8 30. h4 Nh5 31. Bf3 Nf6 32. h5 g5 33. e5 Nd5 34. Qd3+
Kh8 35. Nxd5 exd5 36. Re1 Bd7 37. Bd1 Rg8 38. Bc2 Rg7 39. Qe3 Qe6 40. Kg1 Re8
41. Qf3 Qg4 42. Qxg4 Bxg4 43. Bd1 Bxd1 44. Rcxd1 Rgg8 45. f3 Kg7 46. Kf2 Kf8
47. Re3 Re6 48. Rb3 Re7 49. Re1 Kg7 50. Ree3 Rc8 51. Rec3 f5 52. f4 g4 53. Rb6
Rcc7 54. Rc1 Kf7 55. Ke3 Re6 56. Kd3 Ke7 57. Rc5 Kd7 58. Kc3 Re7 59. Rb3 Kc8
60. Kb4 Re6 61. Rc1 Kb8 62. Kc5 Kc8 63. Rh1 Kb8 64. Rh2 Rg7 65. Rb6 Kc8 66. Rc2
Rf7 67. Rc3 Rd7 68. b4 1/2-1/2

[Event "5th Budapest Open"]
[Site "Budapest"]
[Date "2015.08.18"]
[Round "4.3"]
[White "Farago, Sandor"]
[Black "Gumanny, Evgeny"]
[Result "0-1"]
[WhiteElo "2256"]
[BlackElo "2093"]
[PlyCount "57"]
[EventDate "2014.08.15"]
[EventType "swiss"]
[EventRounds "9"]
[EventCountry "HUN"]

1. e4 e6 2. Nf3 d5 3. e5 c5 4. b4 cxb4 5. d4 Qb6 6. a3 Bd7 7. axb4 Bxb4+ 8. c3
Be7 9. Na3 a6 10. Bd3 Nc6 11. O-O Rc8 12. c4 Nb4 13. c5 Qc7 14. Bb1 f5 15. g4
g6 16. gxf5 exf5 17. e6 Bc6 18. Bd2 a5 19. Qe2 Nf6 20. Nb5 Bxb5 21. Qxb5+ Nc6
22. Bh6 Ng4 23. Bg7 Bf6 24. Bxh8 Bxh8 25. Ra4 Nf6 26. Qd3 Ne4 27. h3 Ke7 28.
Ne5 Bxe5 29. dxe5 {...} 0-1

[Event "5th Budapest Open"]
[Site "Budapest"]
[Date "2015.08.18"]
[Round "4.4"]
[White "Juhasz, Bela"]
[Black "Markos, Adam"]
[Result "0-1"]
[WhiteElo "2134"]
[BlackElo "2146"]
[PlyCount "64"]
[EventDate "2014.08.15"]
[EventType "swiss"]
[EventRounds "9"]
[EventCountry "HUN"]

1. d4 Nf6 2. Nf3 e6 3. c4 Bb4+ 4. Bd2 c5 5. Bxb4 cxb4 6. g3 b6 7. a3 bxa3 8.
Rxa3 O-O 9. Bg2 Bb7 10. O-O Qc7 11. Nbd2 a5 12. Qb1 Na6 13. e4 d6 14. e5 dxe5
15. dxe5 Ng4 16. Ng5 g6 17. Bxb7 Qxb7 18. Re1 Qe7 19. Ndf3 Nc5 20. Ne4 Nd7 21.
Qc1 Ngxe5 22. Nxe5 Nxe5 23. Qf4 Nc6 24. Nf6+ Kg7 25. Rf3 h6 26. h4 Rad8 27. Re4
e5 28. Qg4 Nd4 29. Rff4 Qe6 30. Nh5+ Kh8 31. Rf6 Qxg4 32. Rxg4 Kh7 0-1

[Event "5th Budapest Open"]
[Site "Budapest"]
[Date "2015.08.18"]
[Round "4.5"]
[White "Koczo, Kristof"]
[Black "Kokeny, Norbert Adrian"]
[Result "0-1"]
[WhiteElo "2193"]
[BlackElo "2123"]
[PlyCount "82"]
[EventDate "2014.08.15"]
[EventType "swiss"]
[EventRounds "9"]
[EventCountry "HUN"]

1. d4 Nf6 2. c4 e6 3. Nc3 Bb4 4. e3 b6 5. Nge2 Ne4 6. Qc2 Bb7 7. a3 Bxc3+ 8.
Nxc3 Nxc3 9. Qxc3 O-O 10. b4 a5 11. b5 d6 12. Bb2 Qf6 13. Qc2 Qe7 14. O-O-O Nd7
15. Rg1 c6 16. bxc6 Bxc6 17. Bd3 g6 18. Kb1 Rfc8 19. Qe2 Nf6 20. g4 d5 21. Rc1
Qb7 22. Qf3 Ne8 23. cxd5 exd5 24. h4 b5 25. h5 b4 26. hxg6 fxg6 27. Ka2 Rab8
28. Rb1 Ba4 29. Rh1 Bc2 30. Bxc2 b3+ 31. Bxb3 Qxb3+ 32. Ka1 Rc2 33. Rxh7 Ng7
34. Rxg7+ Kxg7 35. Qf4 Rb7 36. Qe5+ Kf7 37. g5 Rb6 38. f4 Rc1 39. Qxd5+ Qxd5
40. Rxc1 Qb3 41. Rb1 Qxe3 0-1

[Event "5th Budapest Open"]
[Site "Budapest"]
[Date "2015.08.18"]
[Round "4.6"]
[White "Brustkern, Juergen"]
[Black "Meixner, Ferenc Jr"]
[Result "1-0"]
[WhiteElo "2236"]
[BlackElo "1998"]
[PlyCount "98"]
[EventDate "2014.08.15"]
[EventType "swiss"]
[EventRounds "9"]
[EventCountry "HUN"]

1. e4 c5 2. c3 e6 3. d4 d5 4. e5 Nc6 5. Nf3 Nge7 6. Na3 Ng6 7. Nc2 Be7 8. Bd3
cxd4 9. cxd4 b5 10. h4 Nb4 11. Nxb4 Bxb4+ 12. Kf1 Bd7 13. h5 Nf8 14. h6 g6 15.
Bg5 Be7 16. Qd2 Rc8 17. Rh3 Bc6 18. Rc1 Bxg5 19. Nxg5 Nd7 20. Rg3 Qe7 21. Be2
O-O 22. Rgc3 Nb8 23. Kg1 b4 24. Rc5 Bb7 25. Nf3 Rxc5 26. Rxc5 Ba6 27. Bd1 Bc4
28. b3 Ba6 29. Qc1 Bd3 30. Rc7 Qd8 31. Rxa7 Be4 32. Rb7 Bxf3 33. Bxf3 Qh4 34.
Rxb4 g5 35. Rb7 Qxh6 36. g3 Qg6 37. Qc7 Na6 38. Qa5 Rc8 39. Qe1 Rc2 40. Qd1 Rb2
41. Kg2 Rb1 42. Qe2 g4 43. Bxg4 Qh6 44. Bh3 Qc1 45. Kf3 Rb2 46. Qe3 Qh1+ 47.
Kg4 Qd1+ 48. Kh4 Qd2 49. a4 Qxf2 1-0

[Event "5th Budapest Open"]
[Site "Budapest"]
[Date "2015.08.18"]
[Round "4.7"]
[White "Bulthaupt, Freerk dr"]
[Black "Arellano Pardo, Martin"]
[Result "1-0"]
[WhiteElo "2176"]
[BlackElo "1912"]
[PlyCount "45"]
[EventDate "2014.08.15"]
[EventType "swiss"]
[EventRounds "9"]
[EventCountry "HUN"]

1. d4 Nf6 2. Nf3 d5 3. Bf4 e6 4. c3 Nbd7 5. Nbd2 b6 6. e3 Bb7 7. Ne5 a6 8. Bd3
c5 9. Qf3 Rc8 10. O-O Be7 11. h3 Nf8 12. Bg3 Bd6 13. Qe2 c4 14. Bc2 Ng6 15. f4
Ne7 16. f5 Ne4 17. Bxe4 Bxe5 18. Bxe5 dxe4 19. fxe6 f6 20. Qg4 Ng6 21. Bg3 Qd5
22. Rf5 Qxe6 23. Re5 1-0

[Event "5th Budapest Open"]
[Site "Budapest"]
[Date "2015.08.18"]
[Round "4.8"]
[White "Kovacs, Istvan"]
[Black "Gorog, Almos"]
[Result "1-0"]
[WhiteElo "2147"]
[BlackElo "1912"]
[PlyCount "123"]
[EventDate "2014.08.15"]
[EventType "swiss"]
[EventRounds "9"]
[EventCountry "HUN"]

1. Nf3 Nf6 2. g3 g6 3. b3 Bg7 4. Bb2 d5 5. c4 c6 6. Bg2 O-O 7. O-O a5 8. Qc2
Na6 9. a3 Bf5 10. d3 Rc8 11. Nbd2 b5 12. Nh4 Bg4 13. Rfe1 Nc5 14. d4 Nb7 15. h3
Be6 16. c5 Qd7 17. Kh2 g5 18. Nhf3 Bf5 19. Qc1 Ne4 20. Nxe4 dxe4 21. Ne5 Bxe5
22. dxe5 h6 23. Rd1 Qe6 24. Qe3 Rfd8 25. b4 a4 26. g4 Bg6 27. Bxe4 Bxe4 28.
Qxe4 Qb3 29. Bd4 Rd5 30. e6 Nd8 31. exf7+ Kxf7 32. Rd3 Qc4 33. Qh7+ Ke8 34. Re3
Rc7 35. Be5 Rxe5 36. Qh8+ Kd7 37. Qxe5 Qf4+ 38. Qxf4 gxf4 39. Re4 Ke8 40. Rd1
Nf7 41. Rxf4 Ne5 42. Rf5 Nc4 43. Rd3 e5 44. Rf6 e4 45. Rc3 Rf7 46. Rxf7 Kxf7
47. Kg3 Ke6 48. Kf4 Kd5 49. h4 Kd4 50. Rh3 e3 51. Rxe3 Nxe3 52. fxe3+ Kc3 53.
g5 hxg5+ 54. hxg5 Kb3 55. g6 Kxa3 56. g7 Kxb4 57. g8=Q Kxc5 58. Ke4 Kb4 59. Qa2
c5 60. Qb2+ Kc4 61. Qa3 b4 62. Qd3# 1-0

[Event "5th Budapest Open"]
[Site "Budapest"]
[Date "2015.08.18"]
[Round "4.9"]
[White "Kormos, Adam"]
[Black "Cruz Guerra, Samuel"]
[Result "1-0"]
[WhiteElo "2109"]
[BlackElo "1904"]
[PlyCount "41"]
[EventDate "2014.08.15"]
[EventType "swiss"]
[EventRounds "9"]
[EventCountry "HUN"]

1. e4 c5 2. Nf3 d6 3. Bb5+ Nc6 4. O-O a6 5. Bxc6+ bxc6 6. b3 e5 7. c3 Ne7 8. d4
cxd4 9. cxd4 f6 10. dxe5 fxe5 11. Ba3 Ng6 12. Nbd2 c5 13. Nc4 Be7 14. Qd5 Rb8
15. Rad1 Bb7 16. Nxd6+ Bxd6 17. Qxd6 Qxd6 18. Rxd6 Rc8 19. Nxe5 Nf4 20. Rd7
Bxe4 21. Re1 1-0

[Event "5th Budapest Open"]
[Site "Budapest"]
[Date "2015.04.18"]
[Round "4.10"]
[White "Vargyas, Zoltan"]
[Black "Ongut, Tamas Gunes"]
[Result "1-0"]
[WhiteElo "2089"]
[BlackElo "1883"]
[PlyCount "67"]
[EventDate "2014.08.15"]
[EventType "swiss"]
[EventRounds "9"]
[EventCountry "HUN"]

1. e4 c5 2. b3 Nc6 3. Bb2 e6 4. Nf3 d5 5. Bb5 Nf6 6. e5 Nd7 7. O-O Be7 8. c4 d4
9. Bxc6 bxc6 10. d3 O-O 11. Nbd2 Qc7 12. Re1 f6 13. Qe2 f5 14. b4 Rb8 15. a3 a5
16. Ra2 axb4 17. axb4 Rxb4 18. Rea1 Ba6 19. Ba3 Rb6 20. Nxd4 Qxe5 21. Qxe5 Nxe5
22. Nxe6 Rfb8 23. Bxc5 Bxc5 24. Nxc5 Bc8 25. h3 Nd7 26. Nxd7 Bxd7 27. Ra7 R8b7
28. f4 Be8 29. Kf2 Rb8 30. Re7 Rb2 31. Ke3 Bf7 32. Raa7 Rf8 33. g3 Rbb8 34. Nf3
1-0

[Event "5th Budapest Open"]
[Site "Budapest"]
[Date "2015.08.18"]
[Round "4.11"]
[White "Blazquez Criado, Sergio"]
[Black "Mester, Attila"]
[Result "1-0"]
[WhiteElo "1882"]
[BlackElo "2025"]
[PlyCount "93"]
[EventDate "2014.08.15"]
[EventType "swiss"]
[EventRounds "9"]
[EventCountry "HUN"]

1. e4 c5 2. Nf3 Nc6 3. d4 cxd4 4. Nxd4 Qb6 5. Nb3 Nf6 6. Nc3 e6 7. Be3 Qc7 8.
a3 a6 9. Be2 b5 10. f4 d6 11. O-O Be7 12. Bf3 Bb7 13. Qd2 O-O 14. Qf2 Nd7 15.
Rad1 Rac8 16. g4 Rfe8 17. g5 Bf8 18. Kh1 b4 19. Ne2 bxa3 20. bxa3 Ne7 21. Rd2
d5 22. Rfd1 Red8 23. Ng3 dxe4 24. Nxe4 Nd5 25. g6 hxg6 26. Ng5 N7f6 27. c4 Nxe3
28. Qxe3 Rxd2 29. Nxd2 Qc5 30. Qxc5 Bxf3+ 31. Ndxf3 Bxc5 32. Ne5 Rf8 33. Rd3 a5
34. Rb3 a4 35. Rb7 Bxa3 36. Nexf7 Bc1 37. Nxe6 Rxf7 38. Rb8+ Kh7 39. Ng5+ Kh6
40. Nxf7+ Kh5 41. Ra8 a3 42. h3 g5 43. fxg5 Ne4 44. Ne5 Bb2 45. Nd3 Nc3 46. Ra5
a2 47. Nxb2 1-0

[Event "5th Budapest Open"]
[Site "Budapest"]
[Date "2015.08.18"]
[Round "4.12"]
[White "Balogh, Lajos"]
[Black "Czimer, Jozsef"]
[Result "1-0"]
[WhiteElo "2018"]
[BlackElo "1706"]
[PlyCount "117"]
[EventDate "2014.08.15"]
[EventType "swiss"]
[EventRounds "9"]
[EventCountry "HUN"]

1. Nf3 Nf6 2. c4 c5 3. Nc3 g6 4. g3 Bg7 5. Bg2 O-O 6. d4 cxd4 7. Qxd4 Nc6 8.
Qh4 d6 9. O-O Qa5 10. Bg5 Re8 11. Rfd1 Be6 12. Rac1 Rac8 13. b3 a6 14. Bd2 Qh5
15. Qxh5 Nxh5 16. Ng5 h6 17. Nxe6 fxe6 18. Bh3 Kf7 19. Be3 Nf6 20. f3 Nd7 21.
Nd5 Nf8 22. Nb6 Rcd8 23. Kf2 g5 24. Rd2 Bf6 25. a3 Ng6 26. f4 gxf4 27. gxf4 Nh4
28. Rcd1 Rg8 29. Rd3 h5 30. b4 Nf5 31. Bxf5 exf5 32. b5 axb5 33. cxb5 Nb8 34.
Rd5 Ke6 35. a4 Nd7 36. Nxd7 Rxd7 37. a5 Rc7 38. a6 bxa6 39. bxa6 Ra8 40. a7 Rb7
41. R1d3 h4 42. Ra5 Rb4 43. Rdd5 Kd7 44. Rab5 Rxb5 45. Rxb5 Kc7 46. Rxf5 Kc6
47. Ra5 Bc3 48. Ra6+ Kc7 49. Kf3 Bb4 50. Ke4 e6 51. h3 Bc3 52. Kd3 Bf6 53. Kc4
Be7 54. Kb5 Kb7 55. Rb6+ Kxa7 56. Rxd6+ Kb8 57. Rxe6 Bd8 58. Re8 Kc7 59. Bb6+
1-0

[Event "5th Budapest Open"]
[Site "Budapest"]
[Date "2015.08.18"]
[Round "4.13"]
[White "Abraham, Lajos"]
[Black "Trajber, Csaba dr"]
[Result "1/2-1/2"]
[WhiteElo "1781"]
[BlackElo "2056"]
[PlyCount "107"]
[EventDate "2014.08.15"]
[EventType "swiss"]
[EventRounds "9"]
[EventCountry "HUN"]

1. c4 e5 2. Nc3 Nf6 3. Nf3 Nc6 4. d4 exd4 5. Nxd4 Bb4 6. a3 Bxc3+ 7. bxc3 Ne5
8. Bg5 h6 9. Bh4 Ng6 10. Bg3 O-O 11. e3 b6 12. Be2 Bb7 13. O-O Re8 14. Nb5 d6
15. Bf3 Ne4 16. Bxe4 Rxe4 17. Qd3 Ne5 18. Qe2 Ng6 19. Rad1 a6 20. f3 Re7 21.
Nd4 Qd7 22. e4 Ne5 23. Nf5 Ree8 24. Qf2 Qe6 25. Qd4 f6 26. Ne3 Rad8 27. Nd5 Qf7
28. Bxe5 dxe5 29. Qf2 Rd7 30. Rd2 Red8 31. Rfd1 Bc6 32. Ne3 Ba4 33. Rxd7 Rxd7
34. Rd5 Bc6 35. Rxd7 Qxd7 36. Nd5 Qd6 37. Qb2 Qc5+ 38. Kf1 Qxc4+ 39. Qe2 Bxd5
40. exd5 Qxd5 41. Qxa6 Qd1+ 42. Kf2 Qd2+ 43. Kg3 Qd6 44. Kh4 Qe7 45. Qa8+ Kh7
46. g4 f5+ 47. Kh3 fxg4+ 48. Kxg4 Qg5+ 49. Kh3 Qf5+ 50. Kg3 Qf4+ 51. Kh3 h5 52.
Qc6 g6 53. Qxc7+ Kh6 54. Qc6 1/2-1/2

[Event "5th Budapest Open"]
[Site "Budapest"]
[Date "2015.08.18"]
[Round "4.14"]
[White "Bakk, Zoltan"]
[Black "Bensaid, Simon"]
[Result "1/2-1/2"]
[WhiteElo "2051"]
[BlackElo "1924"]
[PlyCount "32"]
[EventDate "2014.08.15"]
[EventType "swiss"]
[EventRounds "9"]
[EventCountry "HUN"]

1. d4 d5 2. Nf3 Nf6 3. c4 c6 4. e3 Bf5 5. Nc3 e6 6. Nh4 Bg6 7. Nxg6 hxg6 8. Bd3
Nbd7 9. O-O Bd6 10. g3 dxc4 11. Bxc4 Nb6 12. Bb3 Qd7 13. e4 e5 14. h4 Qh3 15.
Qf3 Rxh4 16. Qg2 Qxg2+ 1/2-1/2